000 00721nam a2200241Ia 4500
003 OSt
005 20221007071118.0
006 a|||||r|||| 00| 0
007 ta
008 221006b |||||||| |||| 00| 0 eng d
024 _a23,521
037 _cReference Collections
040 _aFLL
_cFLL
_beng
041 _2eng
_aeng
082 _aX:5.1, P7
100 _aWolfrum Riidiger
_9688162
245 0 _aWTO- Technical barriers and sps measures
260 _aLeiden
_bMartinus Nijhoff Publishers Boston
_c2007
300 _axxxii,564p
_ccm.
700 _a Stoll Peter -Tobias
_9684235
942 _hX:5.1, P7
_cREF
_2CC
999 _c1142486
_d1142486